zpět

Detail výsledku týmu

Bartolomějka, Kolín

Datum a čas kvízu

24 Celkem bodů Celkový počet nahraných bodů na tomto kvízu bez doplňovacích otázek.
6. Pořadí na kvízu Konečné umístění týmu na tomto kvízu.

Zaznamenané odpovědi

# Otázka Odpověď Body Výsledky
1. Veterináři po 20 letech zjisti... 1
2. Anglická motoristická žurnalis... 0
3. Soutěž World Press Photo letos... 0
4. Evropská unie vydala ve středu... 1
5. Minulý týden se začala prodáva... 1
6. Vzpomeňme v tomto tématu na zř... 1
7. Vyberte nepravdivé tvrzení o F... 1
8. Jedno z jeho prvních děl bylo... 0
9. Jakou větu pronesl v Přeletu n... 1
10. Pěknou vzpomínku na Formana na... 0